Club Nacional Squad 2025 - Statistics

General Stats
  • This quiz has been taken 19 times
    15 since last reset
  • The average score is 26 of 31
Answer Stats
# Position Nation Player % Correct
8 MF Uruguay Christian Oliva
100%
17 FW Chile Eduardo Vargas
100%
11 DF Argentina Gabriel Báez
100%
25 GK Uruguay Ignacio Suárez
100%
29 DF Colombia Julián Millán
100%
1 GK Panama Luis Mejía
100%
7 FW Uruguay Nicolás López
100%
- Coach Uruguay Pablo Peirano
100%
80 MF Venezuela Rómulo Otero
100%
4 DF Uruguay Sebastián Coates
100%
76 FW Colombia Diego Herazo
90%
13 DF Uruguay Emiliano Ancheta
90%
9 FW Uruguay Gonzalo Petit
90%
18 FW Uruguay Jeremía Recoba
90%
16 FW Uruguay Lucas Villalba
90%
6 MF Uruguay Luciano Boggio
90%
10 MF Uruguay Mauricio Pereyra
90%
77 DF Uruguay Nicolás Rodríguez
90%
15 DF Uruguay Paolo Calione
90%
5 MF Uruguay Yonatan Rodríguez
90%
24 FW Uruguay Exequiel Mereles
80%
20 FW Uruguay Gonzalo Carneiro
80%
- Coach Uruguay Martín Lasarte
80%
26 FW Uruguay Bruno Arady
70%
- Coach Uruguay Martín Ligüera
70%
19 DF Uruguay Lucas Morales
60%
21 FW Uruguay Renzo Sánchez
60%
32 MF Uruguay Rodrigo Mederos
60%
40 GK Uruguay Diego Capdevila
50%
28 MF Uruguay Franco Catarozzi
50%
27 MF Uruguay Diego Romero
40%
No matching quizzes found
Score Distribution
Percent of People with Each Score
Percentile by Number Answered
Your Score History
You have not taken this quiz since the last reset